000 nam a22 7a 4500
999 _c49916
_d49916
003 OSt
005 20200318142754.0
008 200318b xxu||||| |||| 00| 0 eng d
040 _cSERO SOFT
100 _aSHARMA R.A. DR.
245 _aSIKSHA ANUSANDHAN
250 _aNEW
260 _aMEERUT
_bR.LALL
300 _a768
942 _2ddc
_c01